header

Elementary statistics / (Record no. 251396)

MARC details
000 -LEADER
fixed length control field 00998cam a2200277 a 4500
001 - CONTROL NUMBER
control field 12833761
003 - CONTROL NUMBER IDENTIFIER
control field OSt
005 - DATE AND TIME OF LATEST TRANSACTION
control field 20151119090800.0
008 - FIXED-LENGTH DATA ELEMENTS--GENERAL INFORMATION
fixed length control field 020626s2004 maua b 001 0 eng
010 ## - LIBRARY OF CONGRESS CONTROL NUMBER
LC control number 2002026028
020 ## - INTERNATIONAL STANDARD BOOK NUMBER
International Standard Book Number 0201775700
040 ## - CATALOGING SOURCE
Original cataloging agency DLC
Transcribing agency DLC
Modifying agency DLC
050 00 - LIBRARY OF CONGRESS CALL NUMBER
Classification number QA276.12
Item number .T76 2004
082 00 - DEWEY DECIMAL CLASSIFICATION NUMBER
Classification number 519.5
Edition number 21
100 1# - MAIN ENTRY--PERSONAL NAME
Personal name Triola, Mario F.
245 10 - TITLE STATEMENT
Title Elementary statistics /
Statement of responsibility, etc Mario F. Triola.
250 ## - EDITION STATEMENT
Edition statement 9th ed.
260 ## - PUBLICATION, DISTRIBUTION, ETC. (IMPRINT)
Place of publication, distribution, etc Boston :
Name of publisher, distributor, etc Pearson/Addison-Wesley,
Date of publication, distribution, etc c2004.
300 ## - PHYSICAL DESCRIPTION
Extent xxix, 838 p. :
Other physical details ill. (some col.) ;
Dimensions 26 cm. +
Accompanying material 1 CD-ROM (4 3/4 in.)
504 ## - BIBLIOGRAPHY, ETC. NOTE
Bibliography, etc Includes bibliographical references (p. 793-794) and index.
650 #0 - SUBJECT ADDED ENTRY--TOPICAL TERM
Topical term or geographic name as entry element Statistics.
856 41 - ELECTRONIC LOCATION AND ACCESS
Materials specified Table of contents
Uniform Resource Identifier <a href="http://www.loc.gov/catdir/toc/fy036/2002026028.html">http://www.loc.gov/catdir/toc/fy036/2002026028.html</a>
906 ## - LOCAL DATA ELEMENT F, LDF (RLIN)
a 7
b cbc
c orignew
d 1
e ocip
f 20
g y-gencatlg
942 ## - ADDED ENTRY ELEMENTS (KOHA)
Source of classification or shelving scheme Library of Congress Classification
Koha item type Long Loan Books
Holdings
Withdrawn status Lost status Source of classification or shelving scheme Damaged status Not for loan Collection code Home library Current library Shelving location Date acquired Total Checkouts Full call number Barcode Date last seen Date checked out Price effective from Koha item type
    Library of Congress Classification     Non-fiction Rongo University Library Rongo University Library General Stacks 19/11/2015 13 QA276.12 .T76 2004 20154893 02/11/2023 13/10/2023 19/11/2015 Long Loan Books
    Library of Congress Classification     Non-fiction Rongo University Library Rongo University Library General Stacks 22/05/2017 3 QA276.12 .T76 2004 201614386 17/04/2024 03/04/2024 22/05/2017 Long Loan Books
    Library of Congress Classification     Non-fiction Rongo University Library Rongo University Library General Stacks 25/06/2020   QA276.12 .T76 2004 201610765 25/06/2020   25/06/2020 Long Loan Books

© 2026 Rongo University
Contact us: librarian | system librarian | Rongo university